Intellectual property /

Bibliographic Details
Other Authors: Peloso, Jennifer
Format: Book
Language:English
Published: Bronx, N.Y. : H.W. Wilson Co., 2003.
Series:Reference shelf ; v. 75, no. 5.
Subjects:

MARC

Tag First Indicator Second Indicator Subfields
LEADER 00000cam a22000008a 4500
001 in00001779821
005 20151025124741.0
008 030710s2003 nyu b 001 0 eng
010 |a  2003059282 
020 |a 0824210239 (alk. paper) 
035 |a (OCoLC)ocm52638835 
040 |a DLC  |c DLC  |d GZM  |d GGN  |d TXA  |d UtOrBLW 
042 |a pcc 
043 |a n-us--- 
049 |a TXAM 
050 0 0 |a KF2979  |b .I415 2003 
082 0 0 |a 346.7304/8  |2 22 
245 0 0 |a Intellectual property /  |c edited by Jennifer Peloso. 
264 1 |a Bronx, N.Y. :  |b H.W. Wilson Co.,  |c 2003. 
300 |a viii, 190 pages :  |b 26 cm. 
336 |a text  |b txt  |2 rdacontent 
337 |a unmediated  |b n  |2 rdamedia 
338 |a volume  |b nc  |2 rdacarrier 
490 1 |a The Reference shelf ;  |v v. 75, no. 5 
504 |a Includes bibliographical references and index. 
505 0 |a [pt. 1] What is intellectual property? Creation myths / by Douglas Clement -- Avoiding intellectual property disputes / by Lien Verbauwhede -- Fair use and abuse / by Gary Stix -- Open-source software development / by Georg von Krogh -- Attack of the freebie software / by Paul Andrews -- Protections on intellectual properties do differ / by Maxine Lans Retsky -- Drug companies battle in the war over generics / by Glenn Singer -- [pt. 2] Plagiarism. Give credit where credit is due : proper attribution for communicators / by Dianna Huff -- Academic dishonesty : a plague on our profession / by Kenneth C. Petress -- Plagiarism / by Denise Hamilton -- Trust or trussed? Has Turnitin.com got it all wrapped up? / by John Royce -- A journalist's hard fall / by Seth Mnookin -- The news NOT fit to print / by Karen Yourish -- The Boston Globe media column / by Mark Jurkowitz -- A plague of plagiarism / by Mark Fitzgerald -- When pastors plagiarize -- [pt. 3] Copyrights. The Digital Millenium Copyright Act / by Edward H. Freeman -- Congress protects copyrights on the Web / by Tony Case -- Supreme Court upholds extended copyrights -- Broken links and broken laws : copyright confusion online / by Jeff Belle -- Who dunit? / by Tyra W. Hilliard -- Copyright on the Web : what you don't know can cost you / by Emily A. Vander Veer -- Poetic license : what every poet should know about copyright / by Tonya Marie Evans -- Who owns history? / by Jason Williams -- [pt. 4] 21st-century piracy. The new Napsters / by Melanie Warner -- Dollars 4 downloads / by Matt Richtel -- It's all free! / by Lev Grossman ... [et al.] -- A new tactic in the download war / by David Segal -- Make copyright law user-friendly / by Paul Brennan -- Gauging TV's 'Net effect / by Paige Albiniak -- Powell preaching the wonders of TiVo / by David Bloom and Pamela McClintock -- Clean Flicks v. Hollywood : intellectual property owners losing control / by Scott W. Breedlove. 
650 0 |a Intellectual property  |z United States. 
700 1 |a Peloso, Jennifer. 
830 0 |a Reference shelf ;  |v v. 75, no. 5. 
994 |a E0  |b TXA 
948 |a cataloged  |b h  |c 2003/11/12  |d c  |e blrosas  |f 9:43:59 am 
999 |a MARS 
999 f f |s 49a04adb-36b4-302b-851a-37aed06a26d2  |i 18de4aee-3f01-384d-975f-c8ae97f694de  |t 0 
952 f f |p ric  |a Texas A&M University  |b Rellis Campus  |c Joint Library Facility  |d Remote Storage  |t 0  |e KF2979 .I415 2003  |h Library of Congress classification  |i unmediated -- volume  |m A14830770030 
998 f f |a KF2979 .I415 2003  |t 0  |l Remote Storage